00660cam a22002052 4500001001100000005001700011008004100028020001700069040001500086100003400101245010200135250001300237260003100250300001900281650005700300650005800357700003300415852000300448852000300451000001871620151217145907.0100609s xx 000 0 eng d a0199217779 : aKABUcKABU1 aAllen, Michael J.@000017804410aCases and materials on constitutional and administrative law /cMichael J. Allen, Brian Thompson. a9th ed. aOxford :bO. U. P.,c2008. axxxvi, 752 p. 0aAdministative lawxCaseszGreat Britain.@0000178045 0aConstitutional LawxCaseszGreat Britain.@00001780461 aThompson, Brian.@00001780471 1